000 00360 a2200157 4500
001 71596
020 _a
040 _cAnchieta - Colégio São Paulo
100 _aGouveia, Luis Augusto
240 1 0 _aLivro, livro e mais livro
_lpor
245 1 0 _aLivro, livro e mais livro
300 _a24
362 0 _a2005
650 4 _aLiteratura infantil
942 _cBK
999 _c71596
_d71596